Osobitosti účtovníctva a daní podnikov v konkurze

Účtovná závierka podniku pred konkurzom. Konkurzné konania v SR za obdobie rokov 2006-2012. Účtovanie v priebehu konkurzu. Daňové povinnosti podniku v konkurze.

Enregistré dans:
Détails bibliographiques
Auteur principal: Schwartzová, Zuzana
Format: Chapitre de livre
Langue:slovaque
Sujets:
Tags: Ajouter un tag
Pas de tags, Soyez le premier à ajouter un tag!

MARC

LEADER 00000naa a2200000 4500
001 0174597
005 20240502072957.8
041 0 |a slo 
044 |a SK 
245 1 0 |a Osobitosti účtovníctva a daní podnikov v konkurze  |c Zuzana Schwartzová 
520 |a Účtovná závierka podniku pred konkurzom. Konkurzné konania v SR za obdobie rokov 2006-2012. Účtovanie v priebehu konkurzu. Daňové povinnosti podniku v konkurze. 
610 2 0 |a závierka účtovná 
610 2 0 |a podnik 
610 2 0 |a konkurzy 
610 2 0 |a Slovensko 
610 2 0 |a zdaňovanie 
610 2 0 |a účtovníctvo 
100 1 |a Schwartzová, Zuzana